What picture is that picture quiz - Statistics

General Stats
  • This quiz has been taken 14 times
    4 since last reset
  • The average score is 2 of 10
Answer Stats
Picture Answer % Correct
Google
100%
Netflix
67%
Americas
0%
Asia
0%
Ethiopia flag
0%
Europe
0%
Google apps
0%
Mickey and Miny mouse
0%
Winnipeg
0%
World map
0%
No matching quizzes found
Score Distribution
Percent of People with Each Score
Percentile by Number Answered
Your Score History
You have not taken this quiz since the last reset